Lettres avec un axe de symétrie - Mort subite - Statistiques

Statistiques générales
  • Ce quiz a été pris 1 241 fois
  • Le résultat moyen est 11 sur 16
Answers on the Grid
Answers color-coded by a green-red scale on the quiz's grid according to % correct below.
A
B
C
D
E
F
G
H
I
J
K
L
M
N
O
P
Q
R
S
T
U
V
W
X
Y
Z
 
Statistiques - réponses
Réponse % Correct
A
93%
H
91%
I
87%
E
84%
M
82%
C
80%
D
77%
O
71%
B
70%
U
52%
V
52%
X
51%
T
50%
W
50%
Y
50%
K
41%
Aucun quiz correspondant
Distribution des résultats
% des personnes avec chaque résultat
Percentile par nombre de réponses
Votre historique - résultats
Vous n’avez pas pris ce quiz